1531 1446 1343 1268 1536 1789 1732 1676 1613 1519 1868 1948 1915 1523 1326 1591 1756 1785 1341 1672 1461 1830 1723 1484 1811 1913 1246 1356 1599 1537 1349 1782 1165 1203 1620 1384 1335 1273 1720 1395 1760 1209 1167 1165 1444 1692 1831 1898 1040 1503 1977 1741 1101 1371 1771 1352 1072 1536 1125 1005 1404 1362 1171 1231 1361 1872 1620 1649 1626 1542 1785 1927 1455 1097 1163 1150 1801 1803 1772 1182 1768 1470 1666 1108 1139 1688 1546 1782 1077 1582 1983 1809 1245 1755 1645 1150 1992 1800 1740 BCNSPRNW ULIB Ver.6.0+V

เปลี่ยนเป็นภาษาไทย

Change to English
 แสดงรายละเอียดบรรณานุกรม
  กลับหน้าหลัก

Brief Record : Get Marc (ISO 2709) : E-mail record : QR code < ปิดหน้าต่าง
LEADER : 00000nam 2200000uu 4500
001    13399108871
003     ULIB
008    110315s2543||||th 000 0 tha d
020    9743463615
060 04 WY100^bว648ป 2543
100 0  วิภา ปริญานุภาพ
245 10 ประเด็นสำคัญการพยาบาลในหอผู้ป่วยปี 2000 /^cวิภา ปริญานุภาพ
250    พิมพ์ครั้งที่ 1
260    กรุงเทพฯ :^bโรงพยาบาลเวชศาสตร์เขตร้อน คณะเวชศาสตร์เขตร้อนมหาวิทยาลัยมหิดล,^c2543
300    ก, 109 หน้า :^bภาพประกอบ ;^c21 ซม.
650  2 Nursing
650  7 การพยาบาล
710 2  มหาวิทยาลัยมหิดล. ^bคณะเวชศาสตร์เขตร้อน.^bโรงพยาบาลเวชศาสตร์เขตร้อน
945    ^p109^l0^i013896
945    ^p109^l0^i013895
945    ^p109^l0^i013893
945    ^p109^l0^i013892
945    ^p109^l0^i013891
945    ^p109^l0^i013894
995    ทศพร
999 ^a ใช้งานได้ทุกระบบ
รายการนี้ยังไม่มีแท็ก
คุณยังไม่ได้ล็อกอิน คุณสามารถมีกิจกรรมร่วมกับเว็บไซต์ได้ แต่ต้องล็อกอินก่อน ::
  ล็อกอิน

รายการสื่อสารสนเทศ

ลำดับที่ ประเภท เลขเรียก/บาร์โค้ด สถานที่ สถานะ
- ไม่พบข้อมูล -

รายการใกล้เคียง
    ผู้แต่ง [วิภา ปริญานุภาพ]

    หัวเรื่อง [Nursing]
    หัวเรื่อง [การพยาบาล]

BibComment


ยังไม่เคยถูกคอมเมนท์

คอมเมนท์ทรัพยากรรายการนี้
  คอมเมนท์: ประเด็นสำคัญการพย..


 Copyright 2026. Bcnsprnw @Library